• 首页
  • 本馆介绍
  • 公告通知
  • 最新文献
  • 馆藏检索
  • 电子资源
  • 读者导购
  • 参考咨询
  • 我的图书馆
  • 登录
  • 详细信息显示
  • 放入我的书架
  • 预约/预借图书
  • 作者相关作品
  • 分类相关作品
  • 丛书相关作品
  • 出版社相关作品

书目信息

  • 表格格式
  • 工作单格式
  • 卡片格式
题名:
中国近代思想家文库
    
 
作者: 戴逸 主编 ;郭汉林 , 高波 编
分册:   高一涵卷
出版信息: 北京   中国人民大学出版社  2015.1
页数: 623页
开本: 23cm
丛书名:
单 册:
中图分类: B250.5 , C52
科图分类:
主题词: 思想史--si xiang shi--研究--中国--近代 , 研究--yan jiu , 中国--zhong guo
电子资源:
ISBN: 978-7-300-20355-3
000 01199nam0 22003371 450
001 1761054370
005 20170620172317.03
010    @a978-7-300-20355-3@dCNY98.00
100    @a20150311d2015 em y0chiy50 ea
101 0  @achi
102    @aCN@b110000
105    @ay z 000yy
106    @ar
200 1  @a中国近代思想家文库@9zhong guo jin dai si xiang jia wen ku@i高一涵卷@f郭汉林,高波编
210    @a北京@c中国人民大学出版社@d2015.1
215    @a623页@d23cm
300    @a国家出版基金项目
314    @a书中题:主编戴逸
330    @a本书主要收录民国时期高一涵发表在各种期刊、报纸上的政论文章和时评,尤其侧重其作为思想家与学者流传于世的相关文字,其中有约一半内容是初次结集。格于体例和限于篇幅,学术著作、诗集、书信和其从政期间撰写的大量政府公文未予收录。
517 1  @a高一涵卷@9gao yi han juan
600  0 @a高一涵,@9gao yi han ,@f1885-1968@j文集
606 0  @a思想史@9si xiang shi@x研究@y中国@z近代
606 0  @a研究@9yan jiu
606 0  @a中国@9zhong guo
690    @aB250.5@v5
690    @aC52@v5
701  0 @a戴逸@9dai yi@4主编
702  0 @a郭汉林@9guo han lin@4编
702  0 @a高波@9gao bo@4编
801  0 @aCN@b百万庄@c20170619
905    @b1014141-6@dB250.5@e64:20@f6
    
    中国近代思想家文库.高一涵卷/郭汉林,高波编.-北京:中国人民大学出版社,2015.1
    623页;23cm
    国家出版基金项目
    
    ISBN 978-7-300-20355-3:CNY98.00
    本书主要收录民国时期高一涵发表在各种期刊、报纸上的政论文章和时评,尤其侧重其作为思想家与学者流传于世的相关文字,其中有约一半内容是初次结集。格于体例和限于篇幅,学术著作、诗集、书信和其从政期间撰写的大量政府公文未予收录。
●
相关链接 在E读中查询图书 在五车中查询图书 在当当中查询图书 在豆瓣中查询图书


正题名:中国近代思想家文库     索取号:B250.5/64:20         预约/预借

序号 登录号 条形码 馆藏地/架位号 状态 备注
1 1014141   210141416   第一样本阅览室/ [索取号:B250.5/64:20] 在馆    
2 1014142   210141425   教育系资料室/ [索取号:B250.5/64:20] 在馆    
3 1014143   210141434   教育系资料室/ [索取号:B250.5/64:20] 在馆    
4 1014144   210141443   教育系资料室/ [索取号:B250.5/64:20] 在馆    
5 1014145   210141452   第一借阅区/ [索取号:B250.5/64:20] 在馆    
6 1014146   210141461   第一借阅区/ [索取号:B250.5/64:20] 在馆    
唐山师范学院图书馆 欢迎您!
大连网信软件有限公司© 版权所有